Çağdaş hedefler, örnek projeler = contemporary goals, visionary projects (Record no. 4465)

MARC details
000 -BAŞLIK
Sabit Uzunlukta Kontrol Alanı 00829na a2200229 4500
001 - KONTROL NUMARASI
Denetim Alanı 17163
003 - KONTROL NUMARASI IDENTIFIER
Denetim Alanı MIRAKIL
005 - SON İŞLEM TARİHİ VE ZAMANI
Denetim Alanı 20181213155006.0
008 - SABİT-BOY VERİ ELEMANLARI - GENEL BİLGİLER
Sabit Uzunlukta Kontrol Alanı 161022b tu 000 0
035 ## - SİSTEM KONTROL NUMARASI
Sistem Kontrol Numarası 17163
040 ## - KATALOGLAMA KAYNAK
Orijinal Kataloglama Ajansı Milas
Kataloglama Dili tur
Metne Dönüştürmek Ajansı TR-AnCHP
041 ## - DİL KODU
Metin / Ses Parça Veya Ayrı Başlığın Dil Kodu tur
-- eng
082 ## - DEWEY ONLU SINIFLANDIRMA NUMARASI
Sınıflandırma Numarası 352.056514
Ürün Numarası E74ç [t.y.]
090 ## - SINIFLAMA NUMARASI
Sınıflama Numarası 352.056514 E74ç [t.y.]
110 ## - ANA GİRİŞ - KURUMSAL ADI
Giriş Elemanı Olarak Kurumsal Ad Veya Yargı Alanı Adı Eskişehir Tepebaşı Belediyesi
245 ## - BAŞLIK TABLOSU
Başlık Çağdaş hedefler, örnek projeler = contemporary goals, visionary projects
Başlığın Kalan hayat Tepebaşı'nda! = life is in Tepebaşı!
Sorumluluk Tablosu, Vb Eskişehir Tepebaşı Belediyesi
260 ## - YAYIN, DAĞITIM, VB
Yayın, Dağıtım, Vb Yeri Eskişehir
Yayıncı, Dağıtıcı, Vs Adı Eskişehir Tepebaşı Belediyesi
Yayın, Dağıtım, Vb Tarihi [t.y.]
Üretici Firma Cem Matbaa
300 ## - FİZİKSEL TANIM
Kapsam 121 s.
Diğer Fiziksel Ayrıntıları rnkl. fotg.
Boyutlar 21 sm.
650 ## - KONU KATMA GİRİŞ - TOPİKAL DÖNEM
Topikal Süreli Veya Coğrafi Ad Giriş Elemanı Yerel yönetimler
Genel Alt Bölümü Projeler
Coğrafi Alt Bölümü Tepebaşı
651 ## - KONU KATMA GİRİŞ - COĞRAFİ ADI
Coğrafi İsim Eskişehir (Türkiye)
Genel Alt Bölümü Projeler
Coğrafi Alt Bölümü Tepebaşı
942 ## - EKLENDİ GİRİŞ ELEMANLARI (KOHA)
Sınıflandırma Veya Raf Düzeni Kaynak
Koha Öğesi Türü Books
999 ## - SİSTEM KONTROL NUMARALARI (KOHA)
Koha Biblionumber 4465
Koha Biblioitemnumber 4465
Holdings
Kalıcı Konum Mevcut Konum Edinme Tarihi Edinim Kaynak Toplam Check-Out'Lar Tam Çağrı Numarası Barkod Tarih Son Görülme İtibaren Geçerli Fiyatlar Koha Öğesi Türü
CHP Kütüphanesi CHP Kütüphanesi 10/22/2016 Bağış   352.056514 E74ç [t.y.] 007564 10/22/2016 10/22/2016 Books